1777 1011 1869 1662 1233 1369 1875 1524 1849 1276 1309 1231 1910 1663 1131 1743 1349 1069 1162 1017 1396 1067 1852 1809 1594 1764 1928 1027 1573 1322 1079 1613 1820 1647 1414 1377 1050 1081 1036 1602 1975 1533 1360 1740 1251 1638 1126 1760 1933 1929 1070 1156 1751 1022 1127 1416 1990 1003 1510 1283 1805 1092 1171 1878 1258 1450 1111 1449 1844 1649 1095 1072 1015 1435 1818 1287 1639 1554 1231 1914 1237 1818 1970 1211 1739 1785 1927 1921 1932 1467 1073 1372 1132 1523 1358 1854 1801 1945 1939 BCNSPRNW ULIB Ver.6.0+V

เปลี่ยนเป็นภาษาไทย

Change to English
 แสดงรายละเอียดบรรณานุกรม
  กลับหน้าหลัก

Brief Record : Get Marc (ISO 2709) : E-mail record : QR code < ปิดหน้าต่าง
LEADER : 00000nam 2200000uu 4500
001    13399111947
003     ULIB
008    110712s2545||||th 000 0 tha d
020    9748212955
050  4 DS589.U2^bย171อ 2545
100 0  ยอด เนตรสุวรรณ
245 10 อุบลราชธานี/^cยอด เนตรสุวรรณ
260    กรุงเทพฯ :^bสารคดี,^c[2545]
300    193 หน้า :^bภาพประกอบ, แผนที่ :^c21 ซม.
490 0  "นายรอบรู้" นักเดินทาง
651  7 ไทย (ภาคตะวันออกเฉียงเหนือ)^xความเป็นอยู่และประเพณี
651  7 ไทย (ภาคตะวันออกเฉียงเหนือ)^xภูมิประเทศและการท่องเที่ยว
651  7 อุบลราชธานี^xความเป็นอยู่และประเพณี
651  7 อุบลราชธานี^xภูมิประเทศและการท่องเที่ยว
651  7 อุบลราชธานี^xโบราณสถาน
945    ^p95^l0^i015904
995    ทศพร
999 ^a ใช้งานได้ทุกระบบ
รายการนี้ยังไม่มีแท็ก
คุณยังไม่ได้ล็อกอิน คุณสามารถมีกิจกรรมร่วมกับเว็บไซต์ได้ แต่ต้องล็อกอินก่อน ::
  ล็อกอิน

รายการสื่อสารสนเทศ

ลำดับที่ ประเภท เลขเรียก/บาร์โค้ด สถานที่ สถานะ
- ไม่พบข้อมูล -

รายการใกล้เคียง
    ผู้แต่ง [ยอด เนตรสุวรรณ]

BibComment


ยังไม่เคยถูกคอมเมนท์

คอมเมนท์ทรัพยากรรายการนี้
  คอมเมนท์: อุบลราชธานี ยอด เ..


 Copyright 2026. Bcnsprnw @Library